Statistiken für Oberhausen - Quiz

Klicken Sie hier um das Quiz zu spielen!

Allgemein

  • Dieses Quiz wurde 33 mal gespielt
  • Das Durchschnittsergebnis liegt bei 11 aus 20

Antwortstatistiken

HinweisAntwort% Korrekt
Kfz-KennzeichenOB
100%
NachbarstädteEssen
86%
NachbarstädteDuisburg
82%
An diesen beiden in den Rhein mündenden Flüssen liegt OberhausenRuhr
82%
Fußballverein, der einst in der Bundesliga spielteRot-Weiß Oberhausen
79%
Ballungsraum, in dem Oberhausen liegtRuhrgebiet
75%
Eines der größten deutschen EinkaufszentrenWestfield Centro
71%
NachbarstädteBottrop
64%
NachbarstädteMülheim an der Ruhr
61%
An diesen beiden in den Rhein mündenden Flüssen liegt OberhausenEmscher
57%
Industriedenkmal und die höchste Ausstellungs- und Veranstaltungshalle Europas (siehe Thumbnail)Gasometer
57%
Weltweite Marke kommerzieller Großaquarien mit Standort in OberhausenSea Life
46%
Stadtbezirk im Norden, dessen Fronleichnamkirmes zeitweise als die größte Straßenkirmes in Europa galtSterkrade
46%
Bundeswasserstraße, die Oberhausen durchquertRhein-Herne-Kanal
39%
NachbarstädteDinslaken
36%
Orakeltier in diesem Großaquarium, das während der Fußball WM 2010 alle Spiele mit deutscher Beteiligung sowie das Finale richtig „voraussagte“Krake Paul
36%
Im Jahr 1909 errichtete Industriehalle, die heute als Konzert- und Veranstaltungshalle genutzt wirdTurbinenhalle
29%
Parkanlage mitten in der StadtKaisergarten
25%
Kleinster der drei StadtbezirkeOsterfeld
21%
Schloss, das man in der Parkanlage findetSchloss Oberhausen
21%

Verteilung der Resultate

Perzentil nach korrekt beantworteten Fragen

Anzahl Personen mit jedem Resultat

Ihre Resultats-Entwicklung

Sie haben dieses Quiz noch nicht gespielt